000 00582nam a2200205Ia 4500
005 20250923145213.0
008 008 250917s9999 xx 000 0 eng d
037 _aTextual
040 _aDSWL
_beng
_cDSWL
041 _aeng
_2eng
084 _aY:8133.56'N6t5, N70
_qDSWL
100 _aDennis, Norman
_9832867
245 0 _aPeople and Planning
_cby Norman Dennis
260 _aLondon
_bFaber & Faber
_c1970
300 _axiii,109p.
365 _aINR
_b90
925 _g90
942 _cTEXL
_hY:8133.56'N6t5, N70
999 _c1448434
_d1448434